000 00909nas a2200289 4500
001 BR0804424
003 BR-BrBNA
005 20231205111809.0
007 ta
008 230509b bl.|||p| |||| 00| 00por d
040 _aBR-BrBNA
_bpor
_cBiblioteca Nacional de Agricultura
041 _a(Pt)
072 _aF01; F04
100 1 _aCosta, C.C.
100 1 _aOliveira, C.D. de
100 1 _aSilva, C.J. da
100 1 _aTimossi, P.C.
100 1 _aLeite, I.C.
245 1 _aCrescimento, produtividade e qualidade de raízes de rabanete cultivadas sob diferentes fontes e doses de adubos orgânicos
650 _aPRODUÇÃO VEGETAL
650 _aADUBO ORGÂNICO
650 _aESTERCO BOVINO
650 _aRABANETE
773 0 _tHorticultura Brasileira (Brazil)
_xISSN 0102-0536
_g(Jan-Mar 2006), v. 24(1) p. 118-122
_wBR0804424
909 _a202311
_bLúcia
_c55
_dLúcia Elande
942 _2AGRIS
_n0
_cANA
999 _c194527
_d194527